Biología I
Uloženo v:
| Hlavní autor: | |
|---|---|
| Další autoři: | , , , , , |
| Médium: | Kniha |
| Jazyk: | španělština |
| Vydáno: |
Santiago
Santillana del Pacífico
2007
|
| Edice: | Manual Esencial Santillana
|
| Témata: | |
| Tagy: |
Přidat tag
Žádné tagy, Buďte první, kdo vytvoří štítek k tomuto záznamu!
|
MARC
| LEADER | 00000cam a2200000 a 4500 | ||
|---|---|---|---|
| 001 | UCG3467 | ||
| 003 | CL-VaPUC | ||
| 005 | 20230603074424.0 | ||
| 008 | 100826e20070000CL |||||||||||||||||spa|d | ||
| 999 | |c 342534 |d 342532 | ||
| 020 | |a 9789561513198 | ||
| 040 | |c Pontificia Universidad Católica de Valparaíso | ||
| 082 | 0 | 4 | |a 570.712 CAS 2007 |2 21 |
| 100 | 0 | |a Castañeda Pezo, Patricia |9 552628 | |
| 245 | 1 | 0 | |a Biología I |
| 260 | |a Santiago |b Santillana del Pacífico |c 2007 | ||
| 300 | |a 328 páginas | ||
| 490 | 0 | |a Manual Esencial Santillana | |
| 583 | |a last modification |c 20130709 09:16:01 |k Rodrigo Vera | ||
| 650 | 0 | |a Biología |9 262022 | |
| 650 | 0 | |a Células |9 269548 | |
| 650 | 0 | |a Ácido desoxirribonucleico (ADN) |9 361158 | |
| 650 | 0 | |a Genética |9 259443 | |
| 650 | 7 | |a GENOMA HUMANO |2 CL-VaPUC |9 467807 | |
| 650 | 0 | |a Cuerpo humano |9 257169 | |
| 700 | 0 | |a Flores Carrasco, Sergio |9 552629 | |
| 700 | 0 | |a González Bergas, Fermín |9 552630 | |
| 700 | 0 | |a Velásquez Opazo, Ethel |9 552631 | |
| 700 | 0 | |a Sánchez Dueñas, María Trinidad |9 552632 | |
| 700 | 0 | |a Cisterna Alburqueque, Dante |9 552633 | |
| 700 | 0 | |a Bravo Alvarez, Mauricio |9 552634 | |
| 942 | |c BK |2 ddc | ||
| 945 | |d 20100826 00:00:00 |a mfarfan | ||
| 952 | |0 0 |1 0 |2 ddc |4 0 |6 570_712000000000000_CAS_2007 |7 0 |8 A |9 438770 |a BIBCUR |b BIBCUR |d 2019-11-22 |i 470939K |l 4 |o 570.712 CAS 2007 |p 470939K |r 2025-04-22 |s 2023-11-22 |t 1 |w 2019-11-22 |y BK |k BIO | ||
| 952 | |0 0 |1 0 |2 ddc |4 0 |6 570_712000000000000_CAS_2007 |7 0 |8 A |9 438771 |a BIBCUR |b BIBCUR |d 2019-11-22 |i 4709411 |l 3 |o 570.712 CAS 2007 |p 4709411 |r 2025-04-22 |s 2023-11-22 |t 2 |w 2019-11-22 |y BK |k BIO | ||